Statistiken für Schauspieler*innen in Musikvideos 1

Klicken Sie hier um das Quiz zu spielen!

Allgemein

  • Dieses Quiz wurde 155 mal gespielt
  • Das Durchschnittsergebnis liegt bei 11 aus 13

Antwortstatistiken

HintAntwort% Korrekt
Emma Watson
97%
Daniel Radcliffe
95%
Tom Hanks
90%
Rupert Grint
89%
Ben Stiller
87%
Jake Gyllenhaal
81%
Robert Downey Jr.
80%
Scarlett Johansson
79%
Alexander Skarsgård
77%
Anna Kendrick
76%
Natalie Portman
76%
Anya Taylor-Joy
67%
Mila Kunis
64%

Verteilung der Resultate

Perzentil nach korrekt beantworteten Fragen

Anzahl Personen mit jedem Resultat

Ihre Resultats-Entwicklung

Sie haben dieses Quiz noch nicht gespielt